Analysing the Attitude of Indonesian Passengers Toward Green Aviation

Bibliográfiai részletek
Szerző: Agastya I Gusti Ngurah
További közreműködők: Formádi Dr. Katalin Klaudia
Dokumentumtípus: Diplomadolgozat
Kulcsszavak:consumer behaviour
Green Aviation
Passengers Attitude
sustainability
Theory of Planned Behaviour
Online Access:http://dolgozattar.uni-bge.hu/59705

MARC

LEADER 00000nta a2200000 i 4500
001 dolg59705
005 20260409145443.0
008 260409suuuu hu om 000 eng d
040 |a BGE Dolgozattár Repozitórium  |b hun 
041 |a en 
100 1 |a Agastya I Gusti Ngurah 
245 1 0 |a Analysing the Attitude of Indonesian Passengers Toward Green Aviation  |c Agastya I Gusti Ngurah  |h [elektronikus dokumentum] 
520 3 |a This thesis investigates the attitudes of Indonesian air passengers toward green aviation initiatives, using the Theory of Planned Behaviour (TPB) as the primary analytical framework. Through a mixed-methods approach combining quantitative survey data from 202 respondents and qualitative insights, the study explores how attitudes, subjective norms, and perceived behavioural control shape passengers’ intentions and actual behaviours regarding sustainable aviation practices. Results indicate that Indonesian passengers generally support green initiatives that do not compromise comfort or significantly increase costs, with newer, fuel-efficient aircraft and electronic boarding passes receiving the highest approval. Price sensitivity emerged as the primary barrier to adoption, followed by limited awareness and flight options. While positive attitudes and social norms strongly influence intentions to support green aviation, a consistent reluctance to reduce travel frequency underscores a persistent attitude-behaviour gap. The findings highlight the importance of transparent communication, targeted incentives, and technological improvements in driving sustainable aviation in Indonesia. The study contributes to both theoretical understanding and practical strategies for promoting green behaviour in the rapidly growing Southeast Asian aviation sector. 
695 |a consumer behaviour 
695 |a Green Aviation 
695 |a Passengers Attitude 
695 |a sustainability 
695 |a Theory of Planned Behaviour 
700 1 |a Formádi Dr. Katalin Klaudia  |e ths 
856 4 0 |u http://dolgozattar.uni-bge.hu/59705/1/agastya_THESIS_Analysing_the_Attitude_of_Indonesian_Passengers_Toward_Green_Aviation.pdf  |z Dokumentum-elérés 
856 4 0 |u http://dolgozattar.uni-bge.hu/59705/2/Thesis%20MSc_2025_Agastya.pdf  |z Dokumentum-elérés 
856 4 0 |u http://dolgozattar.uni-bge.hu/59705/3/Agastya%20evaluation%20MSc_2025_external_Gyur%C3%A1cz%20Petra.pdf  |z Dokumentum-elérés